| 000 | 00807nam a2200181 i 4500 | ||
|---|---|---|---|
| 001 | 157169 | ||
| 003 | ES-MaACL | ||
| 005 | 20230906210615.0 | ||
| 008 | 000901s1894 sp |||| | spa d | ||
| 040 |
_aCCPB | B _bspa _cCCPB | B |
||
| 100 | 1 |
_aLasala y Martínez, Atanasio. _9128715 |
|
| 245 | 1 | 0 |
_aTeoría de las cantidades imaginarias / _cpor Atanasio Lasala y Martínez. |
| 260 |
_aBilbao : _b[s.n.], _c1894 ( _festablecimiento tipolitográfico de la viuda de Delmas) |
||
| 300 |
_a1 v. ; _c25 cm. |
||
| 505 | 8 | _aPrimera parte: Imaginarias en un plano (VIII, 149 p.) | |
| 650 | 4 |
_aCantidades imaginarias, Teoría de las. _9135724 |
|
| 852 |
_aES-MaACL _jT-1025-F-6 _z-- Enc. hol., conservando la enc. original _z-- Ex-libris de Antonio Gascón _q-- Sólo la primera parte _z-- Enc. en un vol. facticio |
||
| 999 |
_c157169 _d157169 |
||